[Event "Mechanics' SummerTNM; 30/90, SD/30"]
[Site "San Francisco"]
[Date "2014.06.17"]
[Round "4.8"]
[White "Nyangar, Enkhmaa"]
[Black "Krasnov, Steven"]
[Result "0-1"]
[WhiteElo "1807"]
[BlackElo "2007"]
[PlyCount "100"]
[EventDate "2014.??.??"]

1. e4 c5 2. Nf3 d6 3. d4 cxd4 4. Nxd4 Nf6 5. Nc3 a6 6. Bd3 Nc6 7. Be3 Bd7 8. f4
Ng4 9. Nxc6 bxc6 10. Bd2 e5 11. f5 h5 12. Qf3 Rb8 13. h3 Nf6 14. b3 Be7 15.
Bxa6 Qb6 16. Bc4 h4 17. Be3 Qb4 18. Bd2 Qb6 19. Na4 Qd4 20. Nc3 d5 21. exd5
cxd5 22. Bxd5 Bb4 23. Rd1 Bxf5 24. Qxf5 Bxc3 25. Bxc3 Qxc3+ 26. Ke2 O-O 27. Bc4
e4 28. Qc5 Rbc8 29. Qe3 Qe5 30. Rhf1 Nh5 31. Rf2 Ng3+ 32. Ke1 Qa5+ 33. c3 Nf5
34. Qc1 e3 35. Rf4 Qe5 36. Rf3 g6 37. Rd5 Qg7 38. Rdxf5 gxf5 39. Rxe3 Qxg2 40.
Bf1 Qg5 41. Qd2 Rfd8 42. Qg2 Qxg2 43. Bxg2 Rd6 44. c4 f4 45. Re4 Rf6 46. Kf2
Ra8 47. Kf3 Rxa2 48. b4 Ra3+ 49. Kg4 Rg3+ 50. Kh5 Rxg2 0-1

[Event "Mechanics' Fall TNM; 30/90, SD/30"]
[Site "San Francisco"]
[Date "2014.10.28"]
[Round "2.25"]
[White "Nyangar, Enkhmaa"]
[Black "Lamstein, Joshua"]
[Result "0-1"]
[WhiteElo "1769"]
[BlackElo "1348"]
[Annotator "Donaldson"]
[PlyCount "50"]
[EventDate "2014.??.??"]

1. e4 c5 2. Nf3 Nc6 3. d4 cxd4 4. Nxd4 Nf6 5. Nc3 g6 6. f4 (6. Nxc6 bxc6 7. e5)
6... d6 7. Bb5 Bd7 8. f5 Ne5 9. b3 Bxb5 10. Ndxb5 a6 11. Nd4 Qa5 12. Bd2 Qc5
13. Nf3 Neg4 14. Qe2 Bg7 15. h3 Ne5 16. fxg6 hxg6 17. Nxe5 Qxe5 18. Qf3 {
Diagram #} Nd5 (18... Nxe4 {was even stronger, but the text does the job.}) 19.
O-O (19. Nxd5 Qxa1+ 20. Qd1 {
was relatively best losing the exchange instead of a piece.}) 19... Nxc3 20.
Qxf7+ Kd7 21. Bxc3 Qxc3 22. Rad1 Raf8 23. Qxg6 Bd4+ 24. Kh2 Rhg8 25. Qh5 Qg3+
0-1

[Event "Mechanics' Winter TNM; 30/90, SD/30"]
[Site "San Francisco"]
[Date "2014.02.18"]
[Round "7.8"]
[White "Nyangar, Enkhmaa"]
[Black "Maser, Thomas"]
[Result "1-0"]
[WhiteElo "1645"]
[BlackElo "1947"]
[PlyCount "47"]
[EventDate "2014.??.??"]

1. e4 e5 2. Nf3 Nc6 3. d4 exd4 4. Nxd4 Bc5 5. Be3 d6 6. Nc3 Bd7 7. Bb5 Ne5 8.
Bxd7+ Qxd7 9. a3 Nf6 10. b4 Bb6 11. O-O O-O 12. Qe2 Neg4 13. Rad1 Nxe3 14. fxe3
a5 {Diagram #} 15. Rxf6 $1 Bxd4 16. exd4 gxf6 17. Nd5 Kh8 18. Nxf6 Qe6 19. Rf1
Kg7 20. Qh5 Rh8 21. Rf5 Qxf6 22. Rxf6 Kxf6 23. e5+ dxe5 24. Qxe5+ 1-0

[Event "Mechanics' SummerTNM; 30/90, SD/30"]
[Site "San Francisco"]
[Date "2014.06.24"]
[Round "5.17"]
[White "Nyangar, Enkhmaa"]
[Black "Morgan, Jerry"]
[Result "1-0"]
[WhiteElo "1807"]
[BlackElo "1598"]
[Annotator "Winslow,Elliott C"]
[PlyCount "47"]
[EventDate "2014.??.??"]

1. e4 Nf6 2. e5 Nd5 3. d4 d6 4. c4 Nb6 5. f4 g6 6. Nf3 Bg7 7. Nc3 O-O 8. Bd3
Be6 9. b3 c5 10. d5 Bg4 11. O-O dxe5 12. fxe5 Bxe5 13. Qd2 Bf6 14. Bb2 N8d7 15.
Ne4 Bxb2 16. Qxb2 Qc7 17. h3 Bf5 18. Nh4 Ne5 $4 (18... Bxe4 19. Bxe4 Qe5) 19.
Nxf5 gxf5 20. Rxf5 Ng6 {Diagram [#]} (20... f6) 21. d6 $1 Qc6 22. dxe7 Nxe7 23.
Nf6+ Kg7 24. Nh5+ 1-0

[Event "Mechanics' Fall TNM; 30/90, SD/30"]
[Site "San Francisco"]
[Date "2014.12.02"]
[Round "6.27"]
[White "Nyangar, Enkhmaa"]
[Black "Olson, David"]
[Result "1/2-1/2"]
[WhiteElo "1769"]
[BlackElo "1407"]
[PlyCount "112"]
[EventDate "2014.??.??"]

1. e4 c5 2. Nf3 d6 3. d4 cxd4 4. Nxd4 Nc6 5. Be3 g6 6. f4 Bg7 7. Bb5 Bd7 8. c3
Nf6 9. Bd3 e6 10. Nd2 O-O 11. O-O Nh5 12. Nc4 Qe7 13. f5 b5 14. fxg6 fxg6 15.
Nd2 a6 16. N2f3 Nf4 17. Bc2 Rac8 18. Qd2 e5 19. Ne2 Bh6 20. Rad1 Rf6 21. Nxf4
exf4 22. Bf2 Bg4 23. Bh4 Bxf3 24. Rxf3 g5 25. Bxg5 Bxg5 26. Qd5+ Re6 27. Qf5
Rf8 28. Qg4 Ne5 29. Qxe6+ Qxe6 30. Bb3 Nc4 31. Rfd3 Be7 32. a4 Qxe4 33. axb5
axb5 34. Rd5 Rf5 35. R5d4 Qe3+ 36. Kh1 Kg7 37. Bc2 Rg5 38. h3 Qf2 39. Be4 Bf6
40. R4d3 Be5 41. Bf3 Ne3 42. R1d2 Qg3 43. Re2 Nf1 44. Kg1 Nh2 45. Be4 Rh5 46.
Rxg3+ fxg3 47. Bd3 Rh4 48. Bxb5 Rf4 49. Re1 Rf2 50. Rb1 Kf6 51. Bd3 h6 52. b4
Bxc3 53. b5 Rb2 54. Rd1 Bd4+ 55. Kh1 Rb3 56. Bc2 Rb4 1/2-1/2

[Event "Mechanics' SummerTNM; 30/90, SD/30"]
[Site "San Francisco"]
[Date "2014.07.08"]
[Round "7.21"]
[White "Nyangar, Enkhmaa"]
[Black "Oyuntseren, Togtokh"]
[Result "0-1"]
[WhiteElo "1807"]
[BlackElo "1395"]
[PlyCount "50"]
[EventDate "2014.??.??"]

1. e4 c5 2. Nf3 Nc6 3. d4 cxd4 4. Nxd4 Qc7 5. Nc3 a6 6. f4 e6 7. Be3 Bb4 8. Qd3
Nf6 9. O-O-O Bxc3 10. bxc3 d5 11. exd5 Nxd5 12. g3 Bd7 13. Nb3 Nxe3 14. Qxe3 b6
15. Bg2 Rd8 16. f5 O-O 17. f6 Ne5 18. fxg7 Kxg7 19. h4 f6 20. h5 h6 21. Nd4 Qc5
22. Bf1 Rc8 23. Rh4 Qa3+ 24. Kd2 Rfd8 25. Bd3 Rxc3 0-1

[Event "Mechanics' SummerTNM; 30/90, SD/30"]
[Site "San Francisco"]
[Date "2014.06.03"]
[Round "2.5"]
[White "Nyangar, Enkhmaa"]
[Black "Vickers, Keith"]
[Result "0-1"]
[WhiteElo "1807"]
[BlackElo "2200"]
[PlyCount "68"]
[EventDate "2014.??.??"]

1. e4 d5 2. exd5 Qxd5 3. Nc3 Qa5 4. Nf3 Nf6 5. a3 c6 6. b4 Qc7 7. Bb2 Bg4 8.
Be2 e6 9. h3 Bh5 10. O-O Nbd7 11. Re1 Be7 12. d4 O-O 13. Qd3 Rfd8 14. Ng5 Bg6
15. Qd2 Bd6 16. Bd3 $4 Bf4 17. Qe2 Bxg5 18. Bc4 Nb6 19. Bb3 Nbd5 20. Qc4 Bd2
21. Re2 Bxc3 22. Bxc3 b5 23. Qc5 Nd7 24. Qxd5 cxd5 25. Bd2 Nb6 26. Rae1 Nc4 27.
Bg5 Rdc8 28. a4 h6 29. Bh4 bxa4 30. Bxa4 Qf4 31. Bd7 Qxh4 32. Bxc8 Rxc8 33. c3
Na3 34. Ra2 Rxc3 0-1

[Event "Mechanics' SummerTNM; 30/90, SD/30"]
[Site "San Francisco"]
[Date "2014.07.01"]
[Round "6.30"]
[White "Oca, Homer"]
[Black "Louie, Henry"]
[Result "1-0"]
[WhiteElo "1711"]
[BlackElo "1517"]
[PlyCount "115"]
[EventDate "2014.??.??"]

1. a3 e5 2. e4 Nf6 3. Nc3 Nc6 4. h3 d5 5. exd5 Nxd5 6. Ne4 f5 7. Ng3 g6 8. Bc4
Be6 9. d3 Na5 10. Ba2 Nc6 11. Nf3 Be7 12. Bh6 Qd7 13. O-O O-O-O 14. Bg7 Rhg8
15. Nxe5 Nxe5 16. Bxe5 Rde8 17. c4 Nf6 18. d4 Nh5 19. d5 Nxg3 20. Bxg3 Bf7 21.
b4 Bf6 22. Rc1 g5 23. f3 f4 24. Bh2 Re3 25. Bb3 Bg6 26. Ba4 Qd8 27. Re1 Qe7 28.
Qd2 Qg7 29. Rxe3 fxe3 30. Qe2 Be8 31. Bb3 Bd7 32. c5 Re8 33. c6 bxc6 34. dxc6
Bf5 35. Qa6+ Kd8 36. Qxa7 Be5 37. Rd1+ Ke7 38. Qxe3 Kf8 39. Qc5+ Qe7 40. Qxe7+
Rxe7 41. Bxe5 Rxe5 42. a4 Re3 43. Bd5 Bc2 44. Ra1 Rd3 45. Be4 Rd1+ 46. Rxd1
Bxd1 47. a5 Be2 48. Kf2 Bb5 49. Ke3 Ke7 50. Kd4 Kd6 51. g3 h5 52. f4 gxf4 53.
gxf4 Bf1 54. f5 Bxh3 55. b5 Bf1 56. b6 cxb6 57. axb6 Ke7 58. b7 1-0

[Event "Mechanics' SummerTNM; 30/90, SD/30"]
[Site "San Francisco"]
[Date "2014.07.15"]
[Round "8.16"]
[White "Oca, Homer"]
[Black "Ochoa, Jason"]
[Result "1-0"]
[WhiteElo "1711"]
[BlackElo "1909"]
[PlyCount "59"]
[EventDate "2014.??.??"]

1. h3 Nc6 2. e4 Nf6 3. Nc3 g6 4. Bc4 Bg7 5. Nf3 d6 6. d4 O-O 7. Bf4 Nh5 8. Bh2
Bd7 9. a3 Rc8 10. g4 Nf6 11. e5 Nxg4 12. hxg4 Bxg4 13. Be2 dxe5 14. d5 Bxf3 15.
Bxf3 Nd4 16. Qd3 f5 17. O-O-O c5 18. dxc6 bxc6 19. Qc4+ e6 20. Ne2 Qe7 21. Nxd4
exd4 22. Rde1 Qb7 23. Qxe6+ Rf7 24. Be5 Bxe5 25. Qxe5 Qb6 26. Rh4 d3 27. Rd4
dxc2 28. Re2 Qb3 29. Bxc6 Rxc6 30. Qe8+ 1-0

[Event "Mechanics' SummerTNM; 30/90, SD/30"]
[Site "?"]
[Date "2014.06.17"]
[Round "4"]
[White "Ochoa, Jason"]
[Black "Ebert, John"]
[Result "1-0"]
[WhiteElo "1909"]
[BlackElo "1767"]
[PlyCount "63"]
[EventDate "2014.05.28"]

1. Nf3 d5 2. g3 Nf6 3. Bg2 c6 4. O-O e6 5. d4 Bd6 6. Bg5 h6 7. Bd2 Nbd7 8. c4
O-O 9. Nc3 b6 10. cxd5 exd5 11. Nh4 b5 12. Nf5 Bc7 13. e4 Nb6 14. Nxh6+ gxh6
15. Bxh6 Be6 16. Qc1 Ng4 17. Bxf8 Kxf8 18. h3 Nf6 19. Qg5 Ng8 20. Qh5 b4 21.
exd5 Nxd5 22. Ne4 Ngf6 23. Qh6+ Ke7 24. Nxf6 Nxf6 25. Bxc6 Rb8 26. d5 Nxd5 27.
Rad1 Rb6 28. Qg5+ f6 29. Qg7+ Kd6 30. Bxd5 Bxd5 31. Rxd5+ Kxd5 32. Rd1+ 1-0

[Event "Mechanics' Spring TNM; 30/90, SD/30"]
[Site "San Francisco"]
[Date "2014.04.22"]
[Round "6.13"]
[White "Ochoa, Jason"]
[Black "Eytan, David"]
[Result "1-0"]
[WhiteElo "1880"]
[BlackElo "1637"]
[Annotator "Donaldson"]
[PlyCount "43"]
[EventDate "2014.??.??"]

1. c4 b6 2. g3 Bb7 3. Nf3 g5 4. Bg2 h5 5. O-O g4 6. Nh4 Bxg2 7. Kxg2 e6 8. Qc2
Nh6 9. d4 Be7 {Diagram #} 10. Ng6 $1 fxg6 11. Qxg6+ Nf7 12. f3 Bg5 $2 (12...
Bd6 13. fxg4 Qe7 14. Nc3 $16) 13. fxg4 Rf8 14. Rxf7 $1 Rxf7 15. Bxg5 Qc8 16.
Nc3 Qb7+ 17. e4 Kf8 18. Bh6+ Ke7 19. Bg5+ Kf8 20. Qh6+ Ke8 21. Qh8+ Rf8 22.
Qxh5+ 1-0

[Event "Mechanics' SummerTNM; 30/90, SD/30"]
[Site "San Francisco"]
[Date "2014.06.03"]
[Round "2.15"]
[White "Ochoa, Jason"]
[Black "MacIntyre, Brendan"]
[Result "1-0"]
[WhiteElo "1909"]
[BlackElo "1723"]
[PlyCount "45"]
[EventDate "2014.??.??"]

1. Nf3 c5 2. c4 Nc6 3. g3 Nf6 4. Bg2 g6 5. O-O Bg7 6. Nc3 O-O 7. d3 d5 8. cxd5
Nxd5 9. Qb3 Nf6 10. Na4 Na5 11. Qc2 b6 12. Bd2 Nb7 13. Ne5 Qd6 14. Bf4 Nd5 15.
Nxf7 Qxf4 16. gxf4 Nxf4 17. Ng5 Nxg2 18. Kxg2 Bd7 19. Qc4+ Kh8 20. Nf7+ Kg8 21.
Nh6+ Kh8 {Diagram #} 22. Qg8+ Rxg8 23. Nf7# 1-0

[Event "Mechanics' Spring TNM; 30/90, SD/30"]
[Site "San Francisco"]
[Date "2014.04.29"]
[Round "7.7"]
[White "Ochoa, Jason"]
[Black "Niemann, Hans"]
[Result "1-0"]
[WhiteElo "1880"]
[BlackElo "2054"]
[PlyCount "71"]
[EventDate "2014.??.??"]

1. Nf3 Nf6 2. c4 b6 3. g3 Bb7 4. Bg2 e6 5. O-O Be7 6. d4 c5 7. e3 O-O 8. Nc3 d6
9. Bd2 Nbd7 10. Qc2 Rc8 11. b3 a6 12. a4 cxd4 13. Nxd4 Bxg2 14. Kxg2 d5 15.
cxd5 Nxd5 16. Qb2 Nc5 17. Rad1 Bf6 18. Kg1 Nd3 19. Qb1 Rxc3 20. Bxc3 Nxf2 $1
21. Rc1 {Diagram #} Nxc3 (21... Nh3+ $1 22. Kh1 (22. Kg2 Nxe3+ 23. Kxh3 Qd5 {
mates}) 22... Nxc3 23. Rxc3 Qa8+ 24. Rc6 Bxd4 25. Qe4 Bxe3 $19) 22. Rxc3 Bxd4
23. exd4 Qxd4 $2 (23... Nh3+ 24. Kg2 Ng5 25. h4 Qd5+ 26. Kh2 Ne4 $11) 24. Rc4
$18 Nh3+ 25. Kg2 Qd2+ 26. Kxh3 b5 27. Rh4 f5 28. Qe1 Qd5 29. Qd1 Qe5 30. Re1
Qf6 31. Qd7 Kh8 32. Qxe6 Qb2 33. Qxf5 Qxh2+ 34. Kxh2 Rxf5 35. Re8+ Rf8 36.
Rxf8# 1-0

[Event "Mechanics' Winter TNM; 30/90, SD/30"]
[Site "San Francisco"]
[Date "2014.01.21"]
[Round "3.6"]
[White "Odondoo, Ganbold"]
[Black "Askin, Michael"]
[Result "1-0"]
[WhiteElo "2340"]
[BlackElo "1903"]
[Annotator "Donaldson"]
[PlyCount "43"]
[EventDate "2014.??.??"]

1. e4 c6 2. d4 d5 3. Nc3 dxe4 4. Nxe4 Nd7 5. Ng5 Ngf6 (5... h6 6. Ne6) 6. Bd3
e6 7. Qe2 Nb6 8. N1f3 Bd6 9. Ne5 O-O 10. Bd2 c5 11. dxc5 Bxc5 12. O-O-O Qd4 13.
Rhf1 h6 14. f4 Nbd5 (14... hxg5 15. fxg5 Nbd7 16. Nf3 Qa4 17. gxf6 Qxa2 18. c3
$16) 15. c4 Ba3 16. bxa3 Nc3 17. Bxc3 Qxc3+ 18. Kb1 hxg5 19. fxg5 Nd7 20. Qh5
f5 21. gxf6 Nxf6 {Diagram #} 22. Rxf6 1-0

[Event "Mechanics' Winter TNM; 30/90, SD/30"]
[Site "San Francisco"]
[Date "2014.02.25"]
[Round "8.1"]
[White "Odondoo, Ganbold"]
[Black "Niemann, Hans"]
[Result "1-0"]
[WhiteElo "2340"]
[BlackElo "1979"]
[PlyCount "75"]
[EventDate "2014.??.??"]

1. e4 c5 2. Nf3 d6 3. c3 Nf6 4. Be2 g6 5. O-O Bg7 6. h3 O-O 7. d3 Nc6 8. Nbd2
b6 9. d4 e6 10. a3 Bb7 11. Re1 Rc8 12. Bf1 Qd7 13. b4 Rfd8 14. Bb2 Qc7 15. Rc1
Qb8 16. Bd3 e5 17. d5 Ne7 18. bxc5 Rxc5 19. a4 Rdc8 20. Qb3 R5c7 21. Ba3 Ne8
22. Bb5 Rc5 23. Bxe8 Rxe8 24. Bxc5 dxc5 25. a5 Nc8 26. axb6 Nxb6 27. Nc4 Nxc4
28. Qxc4 Qd6 29. Qb5 Rb8 30. Rb1 f5 31. c4 Bf6 32. Nd2 f4 33. Qa5 a6 34. Qb6
Qe7 35. Qa7 Qc7 36. Rb6 Bd8 37. Reb1 Ra8 38. Qxb7 1-0

[Event "Mechanics' Winter TNM; 30/90, SD/30"]
[Site "San Francisco"]
[Date "2014.01.28"]
[Round "4.3"]
[White "Odondoo, Ganbold"]
[Black "Steger, Eric"]
[Result "1-0"]
[WhiteElo "2340"]
[BlackElo "1937"]
[PlyCount "120"]
[EventDate "2014.??.??"]

1. e4 Nc6 2. Nc3 e5 3. g3 Bc5 4. Bg2 Nf6 5. Nf3 d6 6. O-O O-O 7. d3 h6 8. h3 a6
9. Be3 Bxe3 10. fxe3 Ne7 11. Kh2 Ng6 12. Qe1 b5 13. g4 Nh7 14. a4 b4 15. Ne2 a5
16. Ng3 Nh4 17. Nf5 Nxf3+ 18. Bxf3 Ng5 19. Bg2 f6 20. Qg3 c5 21. b3 Bb7 22. Rf2
Kh7 23. Raf1 g6 24. Nh4 Kg7 25. Nf3 Nxf3+ 26. Rxf3 Bc6 27. R3f2 Ra7 28. Bf3 d5
29. exd5 Bxd5 30. Qg2 Bxf3 31. Qxf3 Qa8 32. e4 Qd8 33. Qg3 Raf7 34. h4 Qe7 35.
Rf3 Qd8 36. Qf2 Qd4 37. Re3 Qd7 38. h5 g5 39. Kg3 Qe6 40. Rf3 Qd6 41. Rc1 Qd4
42. Re3 Qb2 43. Rce1 Kh8 44. R3e2 Qd4 45. Qf5 Rg7 46. Qe6 Qd8 47. Rf1 Rgf7 48.
Ref2 Kg7 49. Qf5 Qe7 50. Qg6+ Kh8 51. Qxh6+ Kg8 52. Qg6+ Rg7 53. Qf5 Rh7 54.
Kf3 Rh6 55. Ke2 Kg7 56. Kd2 Qd6 57. Kc1 Rf7 58. Kb1 Rf8 59. Qf3 Qd4 60. Qe2
Rhh8 {the remaining moves are unavailable.} 1-0

[Event "Mechanics' Winter TNM; 30/90, SD/30"]
[Site "San Francisco"]
[Date "2014.02.11"]
[Round "6.1"]
[White "Odondoo, Ganbold"]
[Black "Wong, Russell"]
[Result "1/2-1/2"]
[WhiteElo "2340"]
[BlackElo "2200"]
[PlyCount "104"]
[EventDate "2014.??.??"]

1. e4 Nf6 2. Nc3 d5 3. e5 Nfd7 4. d4 e6 5. f4 c5 6. Nf3 Nc6 7. Be3 a6 8. Qd2
cxd4 9. Nxd4 Bb4 10. a3 Be7 11. Qf2 Nxd4 12. Bxd4 Qc7 13. Qg3 g6 14. b4 Nb6 15.
Qe3 Nc4 16. Bxc4 Qxc4 17. Na4 Qc7 18. Nb6 Rb8 19. Rc1 Bd7 20. c4 dxc4 21. Nxc4
O-O 22. Na5 Bc6 23. O-O Rbc8 24. Nxc6 bxc6 25. Bb6 Qb7 26. Rc3 Rb8 27. Bc5 Bxc5
28. Qxc5 Qd7 29. Qd6 Qa7+ 30. Kh1 a5 31. bxa5 Qxa5 32. Qxc6 Rfd8 33. Rg3 Rd4
34. h4 Ra4 35. Qd6 Ra8 36. h5 Rxa3 37. Rxa3 Qxa3 38. Qxa3 Rxa3 39. h6 f6 40.
Rb1 fxe5 41. fxe5 Re3 42. Rb8+ Kf7 43. Rb7+ Kg8 44. Rg7+ Kf8 45. Rxh7 Rxe5 46.
Kh2 Rh5+ 47. Kg3 Kg8 48. Rg7+ Kf8 49. Rxg6 Kf7 50. Rg7+ Kf6 51. Ra7 Rxh6 52.
Kf4 Rh5 1/2-1/2

[Event "Mechanics' Winter TNM; 30/90, SD/30"]
[Site "San Francisco"]
[Date "2014.01.14"]
[Round "2.18"]
[White "Olson, David"]
[Black "Anderson, Michael"]
[Result "0-1"]
[WhiteElo "1415"]
[BlackElo "1928"]
[PlyCount "72"]
[EventDate "2014.??.??"]

1. e4 c5 2. Nf3 e6 3. d4 cxd4 4. Nxd4 a6 5. e5 Qa5+ 6. Nc3 Qxe5+ 7. Be2 Nf6 8.
O-O Nc6 9. Nf3 Qc7 10. Bg5 Be7 11. Qd2 b5 12. Rad1 b4 13. Na4 Qa5 14. Bxf6 Bxf6
15. b3 O-O 16. Qd6 Be7 17. Qg3 d5 18. Bd3 Bd7 19. Ne5 Nxe5 20. Qxe5 Bf6 21. Qh5
g6 22. Qg4 Bxa4 23. bxa4 Qxa4 24. h4 h5 25. Qf4 Bg7 26. g4 e5 27. Qg5 e4 28.
Be2 Qxc2 29. Rd2 Qc6 30. gxh5 d4 31. h6 Bf6 32. Qg4 d3 33. Bd1 Bc3 34. Ba4 Qxa4
35. Rfd1 Qc6 36. f4 f5 0-1

[Event "Mechanics' Whitehead TNM; 30/90, SD/30"]
[Site "San Francisco"]
[Date "2014.09.23"]
[Round "8.33"]
[White "Olson, David"]
[Black "Bayaraa, Bilguun"]
[Result "1-0"]
[WhiteElo "1407"]
[BlackElo "544"]
[PlyCount "67"]
[EventDate "2014.??.??"]

1. Nf3 Nc6 2. c4 Nf6 3. g3 g6 4. d4 Na5 5. Qc2 Bg7 6. Bg2 O-O 7. O-O c6 8. b4
Nxc4 9. Qxc4 d5 10. Qb3 Bf5 11. Bf4 Ne4 12. Nc3 Bg4 13. Rad1 Bxf3 14. exf3 Nf6
15. Rfe1 a5 16. b5 cxb5 17. Nxb5 Qb6 18. Bc7 Qc6 19. Rc1 a4 20. Qb4 Qd7 21.
Rxe7 Qf5 22. Nd6 Qd3 23. Nxb7 Rab8 24. Bxb8 Rxb8 25. Rcc7 Ne8 26. Rcd7 Qd1+ 27.
Bf1 Bxd4 28. Kg2 g5 29. Rxd5 Bc3 30. Qc4 Qa1 31. Rxg5+ Ng7 32. Qxf7+ Kh8 33.
Rxg7 Bxg7 34. Re8+ 1-0

[Event "Mechanics' Winter TNM; 30/90, SD/30"]
[Site "San Francisco"]
[Date "2014.02.25"]
[Round "8.25"]
[White "Olson, David"]
[Black "Bertot, German"]
[Result "0-1"]
[WhiteElo "1415"]
[BlackElo "1631"]
[PlyCount "32"]
[EventDate "2014.??.??"]

1. e4 e5 2. Nf3 Nc6 3. Nc3 Bc5 4. Bc4 Nf6 5. O-O d6 6. d3 Bg4 7. Be3 Nd4 8. h3
Nxf3+ 9. gxf3 Bxh3 10. Re1 Nh5 11. f4 Nxf4 12. Bxf4 Qh4 13. Be3 Bg4 14. f3 Qg3+
15. Kf1 Bh3+ 16. Ke2 Qg2+ 0-1

[Event "Mechanics' Fall TNM; 30/90, SD/30"]
[Site "San Francisco"]
[Date "2014.12.09"]
[Round "7.30"]
[White "Olson, David"]
[Black "Borgo, Isaac"]
[Result "0-1"]
[WhiteElo "1407"]
[BlackElo "1552"]
[PlyCount "62"]
[EventDate "2014.??.??"]

1. Nf3 d5 2. g3 e6 3. Bg2 Nf6 4. d4 c5 5. c3 Be7 6. O-O O-O 7. Nbd2 Nbd7 8. c4
Rb8 9. b3 cxd4 10. Nxd4 dxc4 11. Nxc4 Nb6 12. Ne5 Nfd7 13. Bf4 Ra8 14. Rc1 Nxe5
15. Bxe5 f6 16. Bc7 Qd7 17. Bh3 Qd5 18. e3 e5 19. Bg2 Qa5 20. Bxb6 Qxb6 21.
Bd5+ Kh8 22. Nf3 Bg4 23. Kg2 Rad8 24. e4 f5 25. Qc2 Bxf3+ 26. Kxf3 fxe4+ 27.
Kg2 Rxd5 28. Qxe4 Rfd8 29. Rc2 Bf6 30. Re2 Rd4 31. Qf5 Qd6 0-1

[Event "Mechanics' Fall TNM; 30/90, SD/30"]
[Site "San Francisco"]
[Date "2014.11.25"]
[Round "5.25"]
[White "Olson, David"]
[Black "Campers, Willie"]
[Result "0-1"]
[WhiteElo "1407"]
[BlackElo "1749"]
[PlyCount "92"]
[EventDate "2014.??.??"]

1. Nf3 d5 2. g3 c6 3. Bg2 Bf5 4. d3 Qc8 5. h4 h6 6. O-O Bh3 7. Nc3 Bxg2 8. Kxg2
Nf6 9. Bf4 Nbd7 10. e4 Nh5 11. Bd2 dxe4 12. Nxe4 Nhf6 13. Re1 Nxe4 14. Rxe4 e6
15. d4 Be7 16. Re2 O-O 17. Qc1 Re8 18. c4 Bf8 19. b4 a6 20. Qc2 b6 21. a3 Qb7
22. c5 a5 23. Rb1 Qa6 24. Bc3 axb4 25. axb4 bxc5 26. dxc5 Reb8 27. Rd2 Qb7 28.
Rbd1 Nf6 29. Ne5 Nd5 30. Rd4 Ra3 31. Bd2 Rba8 32. Ng4 Ra2 33. Qc1 Kh7 34. Ne5
g6 35. g4 Bg7 36. f4 Ne3+ 37. Kg1 Ra1 38. Qxa1 Rxa1 39. Rxa1 Nc2 40. Rd7 Qb8
41. Rxf7 Nxa1 42. Rd7 Kg8 43. Rd6 Qe8 44. Nxc6 Bf8 45. b5 Bxd6 46. cxd6 Nb3 0-1

[Event "Mechanics' Spring TNM; 30/90, SD/30"]
[Site "San Francisco"]
[Date "2014.04.22"]
[Round "6.25"]
[White "Olson, David"]
[Black "Chandrasekaran, Siddarth"]
[Result "1/2-1/2"]
[WhiteElo "1415"]
[BlackElo "1596"]
[Annotator "Donaldson"]
[PlyCount "85"]
[EventDate "2014.??.??"]

1. Nf3 g6 2. c4 Nc6 3. g3 (3. d4 $1) 3... e5 4. d3 Bg7 5. Bg2 Nf6 6. Nc3 O-O 7.
O-O Re8 (7... d6 8. Rb1 a5 9. a3 Nd4 (9... Re8 10. b4 (10. Bg5) 10... axb4 11.
axb4 e4)) 8. Bg5 $1 h6 9. Bd2 (9. Bxf6 $1 Bxf6 10. Rb1 d6 11. b4 Bg7 12. b5 Ne7
13. Nd2 (13. Qb3 Be6 14. Nd2 c6) 13... e4 14. Ncxe4 (14. Ndxe4 f5) 14... f5)
9... d6 10. Qc1 Kh7 11. e3 (11. Rb1) 11... Nb4 (11... Be6) 12. Qb1 Nxd3 13. e4
$2 (13. Qxd3 e4 14. Qc2 exf3 15. Bxf3 $11) 13... Nc5 14. Re1 Be6 15. b4 Ncd7
16. Nd5 Nb6 (16... c6) 17. Qc2 Nxe4 18. Qxe4 Bf5 19. Qh4 e4 20. Ng5+ $2 (20.
Bg5 $1 Qc8 21. Nf6+ $18) 20... Kg8 21. Rac1 Nxd5 22. cxd5 hxg5 23. Qxg5 (23.
Bxg5 f6 24. Bd2) 23... Qxg5 24. Bxg5 Rac8 25. Rc4 c6 26. dxc6 bxc6 27. Rec1 d5
(27... Bb2 $1 28. R1c2 e3 29. Rxb2 e2) 28. Rxc6 Rxc6 29. Rxc6 f6 (29... d4) 30.
Be3 $1 (30. Bxf6) 30... Rb8 31. a3 Rb7 32. Ra6 Rc7 (32... d4 33. Bxd4 $2 Rd7)
33. Bc5 Bf8 34. Rxa7 Rxa7 35. Bxa7 Bd7 36. Kf1 f5 37. Ke2 (37. Bd4 Bg7 38. Bxg7
Kxg7 39. Ke1 Kf6 40. Kd2 Ke5) 37... Bg7 38. Bf1 $2 Bb2 $2 (38... Bb5+ 39. Ke1
Bc3+) 39. Ke3 Bxa3 40. b5 Bc8 41. Kd4 Bb7 42. Ke5 Bb2+ 43. Kf4 (43. Bd4 $1 $18)
1/2-1/2

[Event "Mechanics' Winter TNM; 30/90, SD/30"]
[Site "San Francisco"]
[Date "2014.02.11"]
[Round "6.29"]
[White "Olson, David"]
[Black "Furukawa, Jon"]
[Result "1-0"]
[WhiteElo "1415"]
[BlackElo "1533"]
[PlyCount "59"]
[EventDate "2014.??.??"]

1. e4 e5 2. Bc4 Nf6 3. d3 d6 4. Nf3 Be7 5. O-O O-O 6. Nc3 Bg4 7. Nd5 Nc6 8. h3
Bh5 9. g4 Nxg4 10. hxg4 Bxg4 11. Be3 Kh8 12. Kg2 f5 13. Rh1 Bxf3+ 14. Qxf3 Bh4
15. Qh5 g5 16. Bxg5 Rg8 17. Qxh4 Qxg5+ 18. Qxg5 Rxg5+ 19. Kf1 fxe4 20. Nf6 h6
21. dxe4 Kg7 22. Nh5+ Kg6 23. Ng3 Nd4 24. c3 Nf3 25. Ke2 Rf8 26. Nf5 Rgxf5 27.
exf5+ Rxf5 28. Bd3 Ng5 29. Bxf5+ Kxf5 30. Rxh6 1-0

[Event "Mechanics' Spring TNM; 30/90, SD/30"]
[Site "San Francisco"]
[Date "2014.04.01"]
[Round "3.20"]
[White "Olson, David"]
[Black "Hakobyan, Sos"]
[Result "0-1"]
[WhiteElo "1415"]
[BlackElo "1787"]
[Annotator "Donaldson"]
[PlyCount "98"]
[EventDate "2014.??.??"]

1. Nf3 e6 2. c4 Nf6 3. g3 d5 4. Nc3 c6 5. Bg2 dxc4 6. Ne5 Bb4 7. Qa4 Bxc3 8.
dxc3 Qc7 9. Bf4 g5 10. Nxc6 gxf4 11. Nxb8+ Kf8 12. Na6 Qb6 13. O-O-O Qxa6 14.
Qxa6 bxa6 15. Bxa8 fxg3 16. Rd8+ Kg7 17. Rxh8 Kxh8 18. hxg3 Bd7 19. f3 Kg7 20.
e4 Kg6 21. Bb7 Bb5 22. a4 Bxa4 23. Bxa6 Bb3 24. Rd1 Bxd1 25. Kxd1 Nh5 26. g4
Nf6 27. Bxc4 Kg5 28. Bb5 Kf4 29. Ke2 h6 30. c4 Ke5 31. b4 Kd4 32. Kd2 Ke5 33.
c5 Kd4 34. c6 Ne8 35. Ba6 Nc7 36. Be2 f6 37. Bd3 Ke5 38. Ke3 Kd6 39. b5 e5 40.
f4 Kc5 41. Be2 Ne6 42. f5 Nc7 43. Kf3 Kd4 44. Bf1 Ne8 45. Be2 (45. Kg3 Kxe4 46.
Kh4 Kf3 47. Kh5 Kf2 48. Kxh6 Kxf1 49. g5 $18) 45... Nd6 46. Bf1 Nxe4 47. Be2
Nd6 48. Bf1 Kc5 49. Ke3 Kb6 {both scoresheets say White resigned here but why
is not clear, maybe he was low on time. The position looks drawish.} 0-1

[Event "Mechanics' SummerTNM; 30/90, SD/30"]
[Site "San Francisco"]
[Date "2014.06.03"]
[Round "2.24"]
[White "Olson, David"]
[Black "Handler, Andrew"]
[Result "0-1"]
[WhiteElo "1406"]
[BlackElo "1636"]
[Annotator "Donaldson"]
[PlyCount "48"]
[EventDate "2014.??.??"]

1. Nf3 e6 2. c4 f5 3. g3 Nf6 4. Bg2 Be7 5. O-O O-O 6. d4 d6 7. Nc3 Nc6 8. d5 $1
exd5 9. Nxd5 (9. cxd5 $1 $16) 9... Kh8 10. Bg5 Bd7 11. Nxe7 Qxe7 12. a3 Rad8
13. b4 b6 14. Qc2 h6 15. Bd2 Ne4 16. Nh4 Rf6 17. e3 Nxd2 18. Qxd2 g5 19. Nf3
Ne5 20. Nd4 $2 (20. Nxe5 dxe5 21. Rad1 $11) 20... c5 $1 21. bxc5 dxc5 22. Nf3
Bc6 23. Qe2 Bxf3 24. Bxf3 {Diagram #} Rd2 0-1